000 00367 a2200169 4500
001 183513
020 _a978-85-08-08670-9
040 _cMagnum
100 _aMachado, Ana Maria
240 1 0 _aIsso ninguém me tira
_lpor
245 1 0 _aIsso ninguém me tira
300 _a119
362 0 _a2008
440 1 _aÁtica
697 _aLITERATURA JUVENIL
942 _cBK
999 _c183513
_d183513